000 01256nam0a22002531 4500
001 rc\1150172
005 20260405053354.0
035 _a(NLR Aleph) 006395680
090 _a5192811
_c5192811
100 _a20041129d1980 |||y0rusy50 ca
101 0 _arus
102 _aRU
105 _aa |||||||||
200 1 _aМетрология - службам здоровья
_eТез. и реф. докл. I респ. науч.-техн. совещ. [г. Боржоми, 23-25 сент. 1980 г.
_fРедкол.: Г.Б. Коренецкий (науч. и отв. ред.) и др.]
210 _aТбилиси
_cБ. и.
_d1980
215 _a148 с.
_cил.
_d20
300 _aВ надзаг.: Боржом. район. ком. КП Грузии, Респ. совет науч.-техн. о-в (РСНТО) Грузии, Груз. респ. и Ленингр. обл. правл. (ГРП и ЛОП) НТО приборпром им. С.И. Вавилова и др.
320 _aБиблиогр. в конце докл.
702 1 _4340
_8rus
_7ca
_aКоренецкий
_bГ. Б.
_f1931-2013
_gГлеб Борисович
_3RU\NLR\AUTH\7717214
_9304
801 0 _aRU
_bNLR
_gpsbo
801 1 _aRU
_bELAR
_2rusmarc
852 _aNLR
_j81-3/1281
942 _cBOOK
980 _aNB